banner koha

Histophysiological aspects of the interrenal gland of the pacu female, Piaractus mesopotamicus (Teleostei, Cypriniformes) (Registro n. 153790)

MARC details
000 -LÍDER
campo de controle de tamanho fixo 00881nas a2200301 4500
001 - NÚMERO DE CONTROLE
campo de controle BR9700721
003 - IDENTIFICADOR DO NÚMERO DE CONTROLE
campo de controle BR-BrBNA
005 - DATA E HORÁRIO DA ÚLTIMA TRANSAÇÃO
campo de controle 20231205095958.0
007 - CAMPO FIXO DE DESCRIÇÃO FÍSICA--INFORMAÇÃO GERAL
campo de controle de tamanho fixo ta
008 - CAMPO DE DADOS FIXOS--INFORMAÇÃO GERAL
campo de controle de tamanho fixo 230509b bl.|||p| |||| 00| 00por d
040 ## - FONTE DA CATALOGAÇÃO
Instituição da catalogação original BR-BrBNA
Idioma da catalogação por
Instituição que transcreveu o registro Biblioteca Nacional de Agricultura
041 ## - CÓDIGO DE IDIOMA
Código do idioma do texto/trilha sonora ou título diferente (En)
072 ## - CÓDIGO DE CATEGORIA DE ASSUNTO
Código de Categoria de Assunto L40
100 1# - ENTRADA PRINCIPAL--NOME PESSOAL
Nome pessoal Gazola, R.
100 1# - ENTRADA PRINCIPAL--NOME PESSOAL
Nome pessoal Borella, M.I.
100 1# - ENTRADA PRINCIPAL--NOME PESSOAL
Nome pessoal Val-Sella, M.V.
100 1# - ENTRADA PRINCIPAL--NOME PESSOAL
Nome pessoal Moraes, F.F. de
100 1# - ENTRADA PRINCIPAL--NOME PESSOAL
Nome pessoal Bernardino, G.
245 1# - TÍTULO
Título Histophysiological aspects of the interrenal gland of the pacu female, Piaractus mesopotamicus (Teleostei, Cypriniformes)
650 ## - ASSUNTO--TERMO TÓPICO
Cabeçalho tópico ou nome geográfico Pacu
650 ## - ASSUNTO--TERMO TÓPICO
Cabeçalho tópico ou nome geográfico Femea
650 ## - ASSUNTO--TERMO TÓPICO
Cabeçalho tópico ou nome geográfico Glandula
650 ## - ASSUNTO--TERMO TÓPICO
Cabeçalho tópico ou nome geográfico Rim
650 ## - ASSUNTO--TERMO TÓPICO
Cabeçalho tópico ou nome geográfico Ciclo Estral
773 0# - ENTRADA ANALÍTICA
Título Boletim Tecnico do CEPTA (Brazil)
ISSN - International Standard Serial Number ISSN 0103-1112
Partes relacionadas 1995, v. 8 p. 1-12
Número de controle do registro BR9700721
909 ## -
-- 202311
-- Lúcia
-- 55
-- Lúcia Elande
942 ## - ELEMENTOS DE ENTRADA ADICIONADOS (KOHA)
Fonte da classificação ou esquema de arquivamento na estante Classificação AGRIS
Ocultar no OPAC Não
Tipo de material Koha Analítica
Exemplares
Situação do descarte Fonte da classificação ou esquema de arquivamento na estante Situação física Não pode ser emprestado Biblioteca de origem Biblioteca atual Localização na estante Enumeração do periódico / cronologia Total de empréstimos Data de último acesso Número do exemplar Tipo de material Koha Fonte de aquisição
  Classificação AGRIS   Consulta local Biblioteca Nacional de Agricultura - Binagri Biblioteca Nacional de Agricultura - Binagri   1995, v. 8 p. 1-12   29/11/2023 01 Periódicos Portaria Interministerial nº 164/94

BINAGRI

Telefone: (61)3218-2567/2388/3357/2097 - binagri@agro.gov.br

Ministério da Agricultura e Pecuária , Esplanada dos Ministérios, Bloco D, Anexo B, Brasília/DF, CEP: 70.043-900